000
00248nam a2200097Ia 4500
001
679702
005
20250826161101.0
008
250824s9999 xx 000 0 und d
245
0
_a
CEHENNEM MAKİNELERİ
_c
PHİLP REEVE
260
_b
GÜNIŞIĞI YAYINLARI
999
_c
679702
_d
679702